000 00306nam a2200133Ia 4500
005 20251222144633.0
008 251222s9999||||xx |||||||||||||| ||spa||
020 _a88-11-62015-5
082 _a858.98/D89V
100 _aDoninelli, Luca
245 0 _aLa Verdad InĂștil
264 _bGarzanti
942 _cLIB
999 _c16387
_d16387